=LDR 00000nam 2200000 4500 =001 000923 =005 20250712124608 =035 ##$$a 0010-0725000801 =007 ta =008 250712################a##########0#ind## =020 ##$$a 978-602-244-284-4 =082 ##$$a 398.209 598 =084 ##$$a 398.209 598 EVI p =100 #$$a Evi Z. Indriani =245 1#$$a Putri ikan dan parana /$c Evi Z. Indriani =250 ##$$a Cetakan Pertama =260 ##$$a Rawamangun :$b Badan Pengembangan dan Pembinaan Bahasa,$c 2019 =300 ##$$a 30 hlm : $b Ilus. ; $c 25 cm. =856 ##$$a TBM AS SUHADA